[Event "Trundle_Qualifiers_2012"]
[Site "?"]
[Date "2012.10.01"]
[Round "3.4"]
[White "Thornton, Gino"]
[Black "Dordevic, Ivan"]
[Result "0-1"]
[WhiteElo "2142"]
[BlackElo "2085"]
[PlyCount "106"]
[EventDate "2012.09.29"]
[EventRounds "3"]
[SourceDate "2012.09.29"]

1. d4 c5 2. d5 Nf6 3. c4 e6 4. Nc3 exd5 5. cxd5 d6 6. e4 g6 7. f4 Bg7 8. Bb5+
Nfd7 9. a4 O-O 10. Nf3 Na6 11. O-O Nc7 12. Bd3 a6 13. Re1 Re8 14. Be3 Rb8 15.
Bf2 b5 16. axb5 Nxb5 17. Qc2 Nd4 18. Nxd4 Bxd4 19. Bxd4 cxd4 20. Na4 Nb6 21.
Kh1 Bd7 22. Nxb6 Rxb6 23. Rxa6 Rxa6 24. Bxa6 Qa5 25. Qe2 Bf5 26. Bd3 Bxe4 27.
Kg1 f5 28. Qf1 Kg7 29. Bxe4 fxe4 30. f5 gxf5 31. Ra1 Qxd5 32. Qf4 {(=)} Qe6 33.
Ra6 Qh6 34. Ra7+ Kg6 35. Qxd6+ Kh5 36. g4+ Kg5 37. Qxd4 Kxg4 38. Qd1+ Kf4 39.
Qf1+ Kg5 40. Qg2+ Kf6 41. Ra6+ Re6 42. Rxe6+ Kxe6 43. Qg8+ Ke7 44. Qh8 Kf7 45.
Qb8 Qe3+ 46. Kg2 Qf3+ 47. Kg1 Qd1+ 48. Kf2 Qd2+ 49. Kg3 Qe3+ 50. Kh4 Qf2+ 51.
Kg5 h6+ 52. Kh5 Qf3+ 53. Kxh6 Qh3+ {Resigns.} 0-1

[Event "Trundle_Qualifiers_2012"]
[Site "?"]
[Date "2012.10.01"]
[Round "3.5"]
[White "Perry, Roger"]
[Black "Duneas, John"]
[Result "1/2-1/2"]
[WhiteElo "2007"]
[BlackElo "2089"]
[Annotator "\"]
[PlyCount "82"]
[EventDate "2012.09.29"]
[EventRounds "3"]
[SourceDate "2012.09.29"]

1. e4 e5 2. Nf3 Nc6 3. d4 exd4 4. Nxd4 Nf6 5. Nxc6 bxc6 6. e5 Qe7 7. Qe2 Nd5 8.
c4 Ba6 9. b3 g6 10. g3 Bg7 11. Bb2 O-O 12. Bg2 Nb6 13. O-O Rfe8 14. Re1 Rad8
15. Nd2 f6 16. f4 fxe5 17. fxe5 d5 18. Rac1 Bh6 19. Rc2 d4 20. Qd1 Be3+ 21. Kh1
c5 22. Nf1 Bh6 23. Bc1 Bg7 24. Rce2 Nd7 25. e6 Nf6 26. Bg5 Rd6 27. Qd3 Bc8 28.
Kg1 Rb6 29. Nd2 Bb7 30. Bxb7 Rxb7 31. Ne4 Rb6 32. Nxf6+ Bxf6 33. Bxf6 Qxf6 34.
Rf1 Qg5 35. Qf3 Qe7 36. Qf7+ Kh8 37. Rfe1 Rd6 38. h4 d3 39. Qxe7 Rxe7 40. Rd2
Kg7 41. Re3 Rdxe6 {Draw.} 1/2-1/2

[Event "George Trundle Masters 2012"]
[Site "Auckland, NZL"]
[Date "2012.10.02"]
[Round "4.1"]
[White "Green, Ewen M"]
[Black "Hague, Ben"]
[Result "0-1"]
[WhiteElo "2258"]
[BlackElo "2314"]
[PlyCount "58"]
[EventDate "2012.??.??"]

1. c4 e5 2. g3 Nc6 3. Nc3 d6 4. Bg2 g6 5. e3 Bg7 6. Nge2 Nf6 7. Rb1 a5 8. a3
O-O 9. b4 axb4 10. axb4 Ne7 11. f4 c6 12. b5 exf4 13. bxc6 bxc6 14. Nxf4 d5 15.
cxd5 Nexd5 16. Qb3 Bf5 17. Ncxd5 Nxd5 18. e4 Nxf4 19. gxf4 Re8 20. O-O Bxe4 21.
Bxe4 Rxe4 22. Qf3 Rc4 23. f5 Bd4+ 24. Kh1 Qd5 25. fxg6 hxg6 26. d3 Rc2 27. Qxd5
cxd5 28. Rb7 Ra1 29. Rb8+ Kg7 0-1

[Event "George Trundle Masters 2012"]
[Site "Auckland, NZL"]
[Date "2012.10.02"]
[Round "4.2"]
[White "Johansen, Darryl K"]
[Black "Reilly, Tim"]
[Result "1/2-1/2"]
[WhiteElo "2446"]
[BlackElo "2251"]
[PlyCount "143"]
[EventDate "2012.??.??"]

1. Nf3 g6 2. g3 Bg7 3. d4 f5 4. Bg2 Nf6 5. O-O O-O 6. b3 d6 7. Bb2 Ne4 8. Nbd2
Nxd2 9. Qxd2 Nc6 10. b4 Qe8 11. b5 Nd8 12. a4 Nf7 13. c4 e5 14. dxe5 dxe5 15.
Qc3 Be6 16. Nd2 c6 17. bxc6 bxc6 18. Rad1 Qc8 19. Nb3 Qa6 20. Rc1 Rab8 21. Nc5
Qc8 22. Rfd1 Re8 23. Rc2 Bf8 24. Ba3 Bg7 25. e4 f4 26. Rcd2 Bh3 27. Nd7 Bxg2
28. Kxg2 Rb7 29. f3 Ng5 30. g4 Ne6 31. Nc5 Nxc5 32. Bxc5 Qe6 33. Rd6 Qc8 34.
Qa5 Rc7 35. R6d2 Qb7 36. Bb4 Bf6 37. Bc3 Rf7 38. Rb2 Qe7 39. Bb4 Qb7 40. Ba3
Qc8 41. Bc5 h5 42. h3 hxg4 43. hxg4 Qe6 44. Qa6 Be7 45. Bxa7 Rh7 46. Bf2 Bh4
47. Rh1 Bxf2 48. Rxh7 Kxh7 49. Rxf2 Qd6 50. Qb6 Rd8 51. a5 Qf6 52. Qb1 Kg7 53.
Qg1 Qh4 54. Qh2 Qe7 55. Qg1 Qh4 56. Qh2 Qe7 57. Qh1 Qa3 58. Qb1 Qxa5 59. Qb7+
Kh6 60. Qe7 Rd1 61. Qh4+ Kg7 62. Qe7+ Kh6 63. g5+ Kh5 64. Kh3 Rh1+ 65. Rh2
Rxh2+ 66. Kxh2 Qc3 67. Kg2 Kh4 68. Qh7+ Kxg5 69. Qe7+ Kh6 70. Qf8+ Kg5 71. Qd8+
Kh5 72. Qh8+ 1/2-1/2

[Event "George Trundle Masters 2012"]
[Site "Auckland, NZL"]
[Date "2012.10.02"]
[Round "4.3"]
[White "Smith, Robert W"]
[Black "Chan, Peng Kong"]
[Result "1/2-1/2"]
[WhiteElo "2214"]
[BlackElo "2245"]
[PlyCount "43"]
[EventDate "2012.??.??"]

1. e4 Nf6 2. e5 Nd5 3. d4 d6 4. c4 Nb6 5. exd6 exd6 6. Nc3 Be7 7. Bd3 Nc6 8.
Nge2 Bg4 9. d5 Ne5 10. O-O O-O 11. f4 Nxd3 12. Qxd3 Bxe2 13. Nxe2 c6 14. Bd2
cxd5 15. cxd5 Bf6 16. Bc3 Re8 17. Bxf6 Qxf6 18. Nc3 Rac8 19. Rac1 a6 20. g3 h6
21. b3 Kh8 22. Rfe1 1/2-1/2

[Event "George Trundle Masters 2012"]
[Site "Auckland, NZL"]
[Date "2012.10.02"]
[Round "4.4"]
[White "Lane, Gary W"]
[Black "Watson, Bruce R"]
[Result "1-0"]
[WhiteElo "2391"]
[BlackElo "2300"]
[PlyCount "57"]
[EventDate "2012.??.??"]

1. e4 c5 2. Nf3 Nc6 3. d4 cxd4 4. Nxd4 e5 5. Nb5 d6 6. N1c3 a6 7. Na3 b5 8. Nd5
Nf6 9. Bg5 Qa5+ 10. Bd2 Qd8 11. c4 bxc4 12. Nxc4 Nxe4 13. Ncb6 Rb8 14. Qa4 Rxb6
15. Nxb6 Qxb6 16. Qxe4 d5 17. Qxd5 Bc5 18. Qf3 Nd4 19. Qc3 Bg4 20. Bd3 O-O 21.
h3 Bh5 22. Rc1 Rc8 23. b4 Nf3+ 24. Kf1 Bf8 25. Qxc8 Nxd2+ 26. Kg1 e4 27. Bc4 e3
28. Qf5 e2 29. Qxh5 1-0

[Event "George Trundle Masters 2012"]
[Site "Auckland, NZL"]
[Date "2012.10.02"]
[Round "4.5"]
[White "Steadman, Michael"]
[Black "Li, Zuhao Luke"]
[Result "0-1"]
[WhiteElo "2200"]
[BlackElo "2249"]
[PlyCount "44"]
[EventDate "2012.??.??"]

1. d4 d5 2. c4 c6 3. Nc3 Nf6 4. cxd5 cxd5 5. Bf4 g6 6. e3 Bg7 7. Bxb8 Rxb8 8.
Qa4+ Bd7 9. Qxa7 O-O 10. Qa3 Qb6 11. b4 Bf5 12. Nf3 Rfc8 13. Nd2 Bf8 14. Na4
Qd6 15. Nc5 e5 16. Nf3 Nd7 17. Nxe5 Nxe5 18. dxe5 Qxe5 19. Rd1 Bc2 20. Rc1 Ra8
21. Nd7 Rxa3 22. Nxe5 Bxb4+ 0-1

[Event "Trundle_Qualifiers_2012"]
[Site "?"]
[Date "2012.10.02"]
[Round "4.1"]
[White "Gao, Hans"]
[Black "Duneas, John"]
[Result "0-1"]
[WhiteElo "2017"]
[BlackElo "2089"]
[PlyCount "72"]
[EventDate "2012.09.29"]
[EventRounds "3"]
[SourceDate "2012.09.29"]

1. e4 e5 2. Nf3 Nc6 3. Bc4 Bc5 4. c3 Nf6 5. d3 d6 6. Bb3 Bg4 7. h3 Bh5 8. Nbd2
O-O 9. Nf1 d5 10. Qe2 Bg6 11. Bc2 a5 12. Bg5 d4 13. Ng3 Qd6 14. Nh4 Ne7 15. Qf3
Nd7 16. O-O h6 17. Bd2 Bh7 18. Kh1 g5 19. Nhf5 Nxf5 20. Nxf5 Bxf5 21. Qxf5 Qe6
22. Qf3 Qg6 23. c4 Bb4 24. Bc1 Ra6 25. a3 Be7 26. b3 Kg7 27. Bd2 c5 28. g3 h5
29. Bd1 Rh8 30. Qg2 f5 31. f3 f4 32. g4 Qh7 33. Kh2 Rh6 34. Bxa5 hxg4 35. Qxg4
Rxh3+ 36. Kg1 Rg3+ {Resigns.} 0-1

[Event "Trundle_Qualifiers_2012"]
[Site "?"]
[Date "2012.10.02"]
[Round "4.2"]
[White "Dordevic, Ivan"]
[Black "Perry, Roger"]
[Result "1-0"]
[WhiteElo "2085"]
[BlackElo "2007"]
[PlyCount "77"]
[EventDate "2012.09.29"]
[EventRounds "3"]
[SourceDate "2012.09.29"]

1. e4 c5 2. Nf3 d6 3. d4 cxd4 4. Nxd4 Nf6 5. Nc3 g6 6. f3 Bg7 7. Be3 Nc6 8. Qd2
O-O 9. Bc4 Bd7 10. h4 h5 11. O-O-O Rc8 12. Bb3 Ne5 13. Kb1 a6 14. g4 hxg4 15.
h5 Nxh5 16. Bh6 Kh7 17. Bxg7 Kxg7 18. fxg4 Bxg4 19. Nf5+ Bxf5 20. Rxh5 gxh5 21.
exf5 Rh8 22. Qg5+ Kf8 23. Ne4 e6 24. f6 Rg8 25. Qxh5 Rc6 26. Qxe5 Rg1 27. Qh5
Rxd1+ 28. Qxd1 d5 29. c4 d4 30. Qd2 Qc7 31. Qxd4 b5 32. c5 Ke8 33. Nd6+ Kd8 34.
Qg1 Qd7 35. Qg8+ Kc7 36. Qxf7 Rxd6 37. cxd6+ Kxd6 38. Qxd7+ Kxd7 39. f7 {
Resigns.} 1-0

[Event "Trundle_Qualifiers_2012"]
[Site "?"]
[Date "2012.10.02"]
[Round "4.3"]
[White "King, Mathew"]
[Black "Thornton, Gino"]
[Result "1/2-1/2"]
[WhiteElo "1968"]
[BlackElo "2142"]
[PlyCount "82"]
[EventDate "2012.09.29"]
[EventRounds "3"]
[SourceDate "2012.09.29"]

1. c4 Nf6 2. g3 e6 3. Bg2 d5 4. Nf3 Be7 5. O-O O-O 6. b3 Nbd7 7. Bb2 b6 8. d3
Bb7 9. Nbd2 Rc8 10. Rc1 c5 11. e3 Qc7 12. Qe2 Rfe8 13. Rfd1 Qb8 14. h3 Bd6 15.
Nf1 e5 16. N1h2 Qa8 17. Ng4 Bb8 18. Nxf6+ Nxf6 19. Nh4 Rcd8 20. g4 Re6 21. Re1
dxc4 22. Bxb7 Qxb7 23. dxc4 e4 24. Rcd1 Rde8 25. Nf5 Qc7 26. Ng3 Nd7 27. Qf1
Nf8 28. Qg2 Ng6 29. Nf5 f6 30. Rd5 Qc6 31. Red1 Be5 32. Bxe5 Rxe5 33. Rd7 Ne7
34. Nxe7+ R5xe7 35. Rxe7 Rxe7 36. Qg3 Re5 37. Rd8+ Kf7 38. Qg2 h5 39. Qf1 hxg4
40. hxg4 Rg5 41. Qd1 Kg6 {Draw.} 1/2-1/2

[Event "Trundle_Qualifiers_2012"]
[Site "?"]
[Date "2012.10.02"]
[Round "4.4"]
[White "Goodhue, Nathan"]
[Black "Bennett, Hilton"]
[Result "1-0"]
[WhiteElo "1990"]
[BlackElo "1959"]
[PlyCount "81"]
[EventDate "2012.09.29"]
[EventRounds "3"]
[SourceDate "2012.09.29"]

1. c4 Nf6 2. Nc3 g6 3. g3 Bg7 4. Bg2 O-O 5. d3 d6 6. e4 e5 7. Nge2 c6 8. O-O
Be6 9. Qb3 Qd7 10. d4 Na6 11. d5 Bh3 12. f3 Bxg2 13. Kxg2 cxd5 14. cxd5 Nc5 15.
Qc2 a5 16. a4 Rfc8 17. Be3 Ne8 18. Rfb1 f5 19. h3 Nf6 20. Bxc5 Rxc5 21. b4 axb4
22. Rxb4 Rac8 23. Qb3 fxe4 24. fxe4 R5c7 25. Rb1 Rf8 26. Rxb7 Nxe4 27. Nxe4
Rxb7 28. Qxb7 Qf5 29. N2c3 Qf3+ 30. Kh2 Bh6 31. Qb2 Rc8 32. Qg2 Rxc3 33. Nxc3
Qxc3 34. Rb8+ Kg7 35. Rb7+ Kg8 36. Qf2 Qd2 37. Rb8+ Kg7 38. Rb7+ Kg8 39. Qxd2
Bxd2 40. Rb6 e4 41. Rxd6 {Resigns.} 1-0

[Event "Trundle_Qualifiers_2012"]
[Site "?"]
[Date "2012.10.02"]
[Round "4.5"]
[White "Loop, Thorben"]
[Black "Pinic, Noel"]
[Result "1-0"]
[WhiteElo "2127"]
[BlackElo "2087"]
[PlyCount "88"]
[EventDate "2012.09.29"]
[EventRounds "3"]
[SourceDate "2012.09.29"]

1. e4 c5 2. Nc3 Nc6 3. f4 d6 4. Nf3 g6 5. Bc4 Bg7 6. O-O e6 7. d3 Na5 8. Bb5+
Bd7 9. f5 Bxc3 10. Bxd7+ Qxd7 11. fxe6 fxe6 12. bxc3 O-O-O 13. Ng5 Nh6 14. Nxe6
Qxe6 15. Bxh6 Rhg8 16. h4 Nc6 17. Bf4 Rdf8 18. Qe2 Re8 19. Qf3 Rgf8 20. Qg3 Kd7
21. Rab1 b6 22. a4 Rf7 23. Bh6 Ree7 24. Rfe1 Kc7 25. Bf4 Rd7 26. Rbd1 Kb7 27.
d4 cxd4 28. cxd4 Qc4 {(=)} 29. c3 Qxa4 30. Bxd6 Qa2 31. e5 Rf5 32. d5 Nxe5 33.
Rxe5 Qa4 34. Rde1 Rxe5 35. Qxe5 Qxh4 36. Be7 Qc4 37. d6 Kc6 38. Re3 a5 39. Qf6
b5 40. Qf3+ Qd5 41. Re4 Kb7 42. Bf8 Ka6 43. Be7 h5 44. Qe3 Kb7 {Black resigns.}
1-0

[Event "George Trundle Masters 2012"]
[Site "Auckland, NZL"]
[Date "2012.10.03"]
[Round "5.1"]
[White "Li, Zuhao Luke"]
[Black "Green, Ewen M"]
[Result "1-0"]
[WhiteElo "2249"]
[BlackElo "2258"]
[PlyCount "77"]
[EventDate "2012.??.??"]

1. d4 d5 2. c4 c6 3. Nf3 Nf6 4. Nc3 e6 5. Bg5 dxc4 6. e4 b5 7. e5 h6 8. Bh4 g5
9. Nxg5 hxg5 10. Bxg5 Nbd7 11. exf6 Bb7 12. g3 c5 13. d5 Qb6 14. Bg2 O-O-O 15.
O-O b4 16. Na4 Qb5 17. a3 Nb8 18. axb4 cxb4 19. Qd4 Nc6 20. Nb6+ axb6 21. dxc6
Bxc6 22. Bxc6 Qxc6 23. Qg4 Bc5 24. Ra7 Rd7 25. Rxd7 Kxd7 26. h4 c3 27. Qe2 b5
28. h5 Bd4 29. Rd1 Qd5 30. bxc3 bxc3 31. Qg4 Ra8 32. Qxd4 Qxd4 33. Rxd4+ Kc6
34. Be3 Ra1+ 35. Kg2 Re1 36. h6 Rxe3 37. h7 c2 38. h8=Q c1=Q 39. Qc8+ 1-0

[Event "George Trundle Masters 2012"]
[Site "Auckland, NZL"]
[Date "2012.10.03"]
[Round "5.2"]
[White "Watson, Bruce R"]
[Black "Steadman, Michael"]
[Result "1/2-1/2"]
[WhiteElo "2300"]
[BlackElo "2200"]
[PlyCount "73"]
[EventDate "2012.??.??"]

1. c4 e6 2. Nf3 Nf6 3. g3 d5 4. Bg2 Be7 5. O-O O-O 6. d4 Ne4 7. Nc3 f5 8. Qb3
c6 9. Nxe4 fxe4 10. Ne5 Bf6 11. Bf4 a5 12. Rad1 b5 13. cxb5 cxb5 14. Rc1 Qb6
15. Rfd1 Bd7 16. h4 Bxe5 17. Bxe5 Nc6 18. Bf4 a4 19. Qc3 b4 20. Qc5 Qxc5 21.
Rxc5 Rfc8 22. f3 exf3 23. Bxf3 Ra5 24. Bd6 Rxc5 25. dxc5 Na5 26. e4 dxe4 27.
Bxe4 b3 28. axb3 axb3 29. Rd3 Bc6 30. Bxc6 Rxc6 31. Rf3 h6 32. Kf2 Nc4 33. Rxb3
Nxd6 34. cxd6 Rxd6 35. Rb7 Rd5 36. Kf3 Kh7 37. b4 1/2-1/2

[Event "George Trundle Masters 2012"]
[Site "Auckland, NZL"]
[Date "2012.10.03"]
[Round "5.3"]
[White "Chan, Peng Kong"]
[Black "Lane, Gary W"]
[Result "0-1"]
[WhiteElo "2245"]
[BlackElo "2391"]
[PlyCount "32"]
[EventDate "2012.??.??"]

1. d4 d5 2. c4 c6 3. Nf3 Nf6 4. e3 e6 5. b3 Bb4+ 6. Nbd2 Ne4 7. Bd3 f5 8. a3
Bd6 9. Bb2 Nd7 10. Ne5 O-O 11. O-O Rf6 12. f3 Nxd2 13. Qxd2 Rh6 14. g3 Qc7 15.
Nxd7 Bxd7 16. c5 Bxg3 0-1

[Event "George Trundle Masters 2012"]
[Site "Auckland, NZL"]
[Date "2012.10.03"]
[Round "5.4"]
[White "Reilly, Tim"]
[Black "Smith, Robert W"]
[Result "1-0"]
[WhiteElo "2251"]
[BlackElo "2214"]
[PlyCount "81"]
[EventDate "2012.??.??"]

1. d4 Nf6 2. c4 e6 3. Nc3 Bb4 4. e3 b6 5. Nge2 Ba6 6. Ng3 Bxc3+ 7. bxc3 d5 8.
Ba3 Bxc4 9. Bxc4 dxc4 10. Qa4+ Qd7 11. Qxc4 Qc6 12. Qxc6+ Nxc6 13. Ke2 O-O-O
14. Rhc1 h5 15. c4 h4 16. Nf1 h3 17. g3 Kd7 18. Nd2 Rb8 19. Rc2 g5 20. d5 exd5
21. cxd5 Nxd5 22. Rd1 Ncb4 23. Bxb4 Nxb4 24. Ne4+ Ke6 25. Rxc7 Rbd8 26. Nxg5+
Kf6 27. Rxd8 Rxd8 28. f4 Nxa2 29. Rxf7+ Kg6 30. Rxa7 Nc3+ 31. Kf3 Rd3 32. Nxh3
Nd5 33. Ke4 Rd2 34. f5+ Kf6 35. g4 Nc3+ 36. Kf3 Rxh2 37. Nf2 Ke5 38. Re7+ Kd6
39. Re6+ Kc7 40. f6 Rh8 41. g5 1-0

[Event "George Trundle Masters 2012"]
[Site "Auckland, NZL"]
[Date "2012.10.03"]
[Round "5.5"]
[White "Hague, Ben"]
[Black "Johansen, Darryl K"]
[Result "1/2-1/2"]
[WhiteElo "2314"]
[BlackElo "2446"]
[PlyCount "118"]
[EventDate "2012.??.??"]

1. d4 Nf6 2. Nf3 g6 3. c4 Bg7 4. Nc3 O-O 5. g3 c5 6. d5 d6 7. Bg2 Na6 8. O-O
Nc7 9. e4 Rb8 10. a4 Bg4 11. h3 Bxf3 12. Qxf3 b6 13. Nb5 Rb7 14. Bd2 a6 15.
Nxc7 Qxc7 16. Qe2 Nd7 17. Bc3 b5 18. axb5 axb5 19. cxb5 Rfb8 20. e5 Bxe5 21.
Bxe5 Nxe5 22. f4 Nd7 23. Qxe7 c4 24. Ra6 Qc5+ 25. Kh1 Nb6 26. Qf6 Qxb5 27. Rfa1
Nxd5 28. Qxd6 Nb4 29. R6a5 Qd7 30. Qxd7 Rxd7 31. Rc5 Nc2 32. Rc1 Ne3 33. Re1
Nxg2 34. Kxg2 Rxb2+ 35. Kf3 Rb3+ 36. Re3 Rxe3+ 37. Kxe3 Rd3+ 38. Kf2 c3 39. h4
h5 40. f5 Kg7 41. fxg6 fxg6 42. Rc6 Kf7 43. Kg2 Rd2+ 44. Kf3 c2 45. Ke3 Rh2 46.
Kf4 Ke7 47. Kg5 Kd7 48. Rc4 Rg2 49. Kxg6 Rxg3+ 50. Kxh5 Rg2 51. Kh6 Re2 52. h5
Re6+ 53. Kg7 Rc6 54. Rxc2 Rxc2 55. h6 Ke6 56. h7 Rc7+ 57. Kg8 Rc8+ 58. Kg7 Rh8
59. Kxh8 Kf7 1/2-1/2

[Event "Trundle_Qualifiers_2012"]
[Site "?"]
[Date "2012.10.03"]
[Round "5.1"]
[White "Pinic, Noel"]
[Black "Gao, Hans"]
[Result "1/2-1/2"]
[WhiteElo "2087"]
[BlackElo "2017"]
[PlyCount "49"]
[EventDate "2012.09.29"]
[EventRounds "3"]
[SourceDate "2012.09.29"]

1. Nf3 Nf6 2. d4 g6 3. e3 Bg7 4. Be2 O-O 5. O-O d6 6. c4 Nbd7 7. Nc3 e5 8. Qc2
c6 9. dxe5 dxe5 10. b3 Qe7 11. Bb2 Nc5 12. Ba3 b6 13. Rad1 Bf5 14. e4 Bg4 15.
h3 Bxf3 16. Bxf3 Rfd8 17. Na4 Nfd7 18. Bg4 Nf8 19. Nxc5 bxc5 20. Rxd8 Rxd8 21.
Rd1 h5 22. Be2 Ne6 23. Qc3 Rd4 24. Rxd4 cxd4 25. Qc1 {Draw.} 1/2-1/2

[Event "Trundle_Qualifiers_2012"]
[Site "?"]
[Date "2012.10.03"]
[Round "5.2"]
[White "Bennett, Hilton"]
[Black "Koop, Thorben"]
[Result "1/2-1/2"]
[WhiteElo "1959"]
[BlackElo "2127"]
[PlyCount "63"]
[EventDate "2012.09.29"]
[EventRounds "3"]
[SourceDate "2012.09.29"]

1. e4 c5 2. Nc3 a6 3. f4 b5 4. g3 Nc6 5. d3 g6 6. Bg2 Bg7 7. Nf3 d6 8. O-O Nd4
9. Nxd4 cxd4 10. Ne2 Qb6 11. Kh1 h5 12. h3 b4 13. f5 gxf5 14. Nf4 h4 15. exf5
Bb7 16. g4 Be5 17. Qe2 Rc8 18. g5 Bxg2+ 19. Qxg2 Qc6 20. Rf2 Bxf4 21. Bxf4 e5
22. fxe6 fxe6 23. Re1 e5 24. Re4 Ne7 25. g6 O-O 26. Qg4 Rf6 27. Qxh4 Rxg6 28.
Qxe7 Re8 29. Qh4 exf4 30. Qxf4 Rg7 31. Qf3 Rxe4 32. Qf8+ {Draw.} 1/2-1/2

[Event "Trundle_Qualifiers_2012"]
[Site "?"]
[Date "2012.10.03"]
[Round "5.3"]
[White "Thornton, Gino"]
[Black "Goodhue, Nathan"]
[Result "1/2-1/2"]
[WhiteElo "1990"]
[BlackElo "2142"]
[PlyCount "153"]
[EventDate "2012.09.29"]
[EventRounds "3"]
[SourceDate "2012.09.29"]

1. e4 d5 2. exd5 Qxd5 3. Nc3 Qd6 4. d4 Nf6 5. Nf3 a6 {(=)} 6. h3 Nc6 7. Bd3 Nb4
8. O-O Nxd3 9. Qxd3 g6 10. Ne2 Bf5 11. Qb3 Qb6 12. Qxb6 cxb6 13. c3 b5 14. Ng3
Be6 15. Re1 h6 16. Ne5 Bd5 17. b3 Rc8 18. Bd2 Nd7 19. Nd3 e6 20. Ne2 Be4 21.
Nef4 Bxd3 22. Nxd3 Nb6 23. Ne5 Bg7 24. Nxg6 Rg8 25. Ne5 Ke7 26. a3 Bxe5 27.
Rxe5 Nd5 28. Rc1 f6 29. Re4 Kf7 30. Kf1 f5 31. Re5 Rc6 32. c4 Rgc8 33. cxd5
Rxc1+ 34. Bxc1 Rxc1+ 35. Ke2 exd5 36. Rxf5+ Ke6 37. Re5+ Kd6 38. Re3 Rc2+ 39.
Ke1 a5 40. g4 Ra2 41. b4 axb4 42. axb4 Rb2 43. f4 Rxb4 44. Rd3 Rb2 45. Kd1 Rf2
46. f5 h5 47. Rg3 hxg4 48. hxg4 Ke7 49. Ke1 Rf4 50. Ke2 Kf6 51. Kd3 Kg5 52. Kc3
Rf1 53. Kb4 Rb1+ 54. Kc5 b4 55. Rg2 b3 56. Kxd5 b2 57. Kd6 Rd1 58. Rxb2 Rxd4+
59. Ke5 Rd1 60. Rb4 Rd7 {(=)} 61. Ke6 Rh7 62. f6 Kg6 63. Rf4 Rf7 64. Rf5 b5 65.
g5 b4 66. Rb5 Ra7 67. Rxb4 Ra6+ 68. Kd7 Ra7+ 69. Ke8 Ra8+ 70. Ke7 Ra7+ 71. Ke6
Ra6+ 72. Kd5 Kxg5 73. f7 Rf6 74. Rb7 Kg6 75. Rb6 Kxf7 76. Rxf6+ Kxf6 77. Ke4 {
Draw.} 1/2-1/2

[Event "Trundle_Qualifiers_2012"]
[Site "?"]
[Date "2012.10.03"]
[Round "5.4"]
[White "Perry, Roger"]
[Black "King, Mathew"]
[Result "1/2-1/2"]
[WhiteElo "2007"]
[BlackElo "1968"]
[PlyCount "150"]
[EventDate "2012.09.29"]
[EventRounds "3"]
[SourceDate "2012.09.29"]

1. e4 c5 2. c3 Nf6 3. e5 Nd5 4. d4 cxd4 5. cxd4 d6 6. Nf3 Nc6 7. Bc4 Nb6 8. Bb5
dxe5 9. Nxe5 Bd7 10. Nxd7 Qxd7 11. Nc3 a6 12. Bxc6 bxc6 13. O-O g6 14. Na4 Nxa4
15. Qxa4 Bg7 16. Be3 O-O 17. Rac1 Rfb8 18. b3 Rd8 19. Qxc6 Bxd4 20. Rfd1 Qxc6
21. Rxc6 Bxe3 22. Rxd8+ Rxd8 23. fxe3 Rd1+ 24. Kf2 Rd2+ 25. Kf3 Rxa2 26. Rc7 e6
27. Ra7 Kg7 28. b4 Rb2 29. Rxa6 Rxb4 30. Ra5 h6 31. h3 Rb1 32. Kg3 Rd1 33. h4
Kf6 34. e4 Rd3+ 35. Kf2 h5 36. Rb5 Ke7 37. Rb7+ Kf6 38. Rb5 Ra3 39. Rc5 Ra2+
40. Kf3 Ra1 41. Rb5 e5 42. Kf2 Rd1 43. Rb6+ Ke7 44. Ke2 Rd6 45. Rb7+ Ke6 46.
Ke3 Ra6 47. Kf3 Ra3+ 48. Kf2 Rd3 49. Rb8 Rd7 50. Ke3 Ra7 51. Rb6+ Ke7 52. Rb5
Kd6 53. Rd5+ Ke6 54. Rb5 Ra3+ 55. Kf2 Ra4 56. Rb6+ Ke7 57. Kf3 Rd4 58. Ra6 Rd1
59. Rb6 Re1 60. Ra6 Kd7 61. Rb6 Kc7 62. Ra6 Rd1 63. Ke3 Rd7 64. Rf6 Kd8 65. Ra6
Ke7 66. Rb6 Rd6 67. Rb8 Kf6 68. Rb5 Re6 69. Rb7 Re7 70. Rb6+ Kg7 71. Ra6 f6 72.
Rb6 g5 73. hxg5 fxg5 74. Ra6 g4 75. Rb6 Rf7 {Draw.} 1/2-1/2

[Event "Trundle_Qualifiers_2012"]
[Site "?"]
[Date "2012.10.03"]
[Round "5.5"]
[White "Duneas, John"]
[Black "Dordevic, Ivan"]
[Result "1/2-1/2"]
[WhiteElo "2089"]
[BlackElo "2085"]
[PlyCount "46"]
[EventDate "2012.09.29"]
[EventRounds "3"]
[SourceDate "2012.09.29"]

1. d4 c5 2. d5 Nf6 3. c4 e6 4. Nc3 exd5 5. cxd5 d6 6. g3 g6 7. Bg2 Bg7 8. Nf3
O-O 9. O-O a6 10. a4 Nbd7 11. Bf4 Re8 12. Bxd6 Qb6 13. Bf4 Qxb2 14. Qc1 Qxc1
15. Raxc1 b5 16. axb5 axb5 17. Nxb5 Nxd5 18. e4 Nxf4 19. gxf4 Ba6 20. Nc7 Bxf1
21. Kxf1 Rac8 22. Nxe8 Rxe8 23. e5 Bh6 {Draw.} 1/2-1/2

[Event "George Trundle Masters 2012"]
[Site "Auckland, NZL"]
[Date "2012.10.04"]
[Round "6.1"]
[White "Green, Ewen M"]
[Black "Johansen, Darryl K"]
[Result "0-1"]
[WhiteElo "2258"]
[BlackElo "2446"]
[PlyCount "74"]
[EventDate "2012.??.??"]

1. d4 Nf6 2. Bg5 d5 3. Nf3 Ne4 4. Bf4 Bf5 5. e3 e6 6. Nbd2 Nd7 7. Nxe4 Bxe4 8.
Bd3 Bxd3 9. Qxd3 Be7 10. O-O O-O 11. c4 c6 12. Qb3 Qb6 13. Nd2 Rac8 14. Rfc1
Rfd8 15. h3 h6 16. Rc2 Qa6 17. Rac1 Nf6 18. Be5 Rd7 19. a3 Rcd8 20. Bxf6 Bxf6
21. cxd5 exd5 22. Qc3 Be7 23. Nb3 Re8 24. Nc5 Bxc5 25. Qxc5 Re6 26. Rc3 Rdd6
27. R1c2 Rg6 28. g3 Kh7 29. a4 b6 30. Qa3 Qc8 31. Kh2 a5 32. b4 Qa6 33. bxa5
Qxa5 34. Qb2 Rdf6 35. Qb1 Rxf2+ 36. Rxf2 Qxc3 37. Rxf7 Qd2+ 0-1

[Event "George Trundle Masters 2012"]
[Site "Auckland, NZL"]
[Date "2012.10.04"]
[Round "6.2"]
[White "Smith, Robert W"]
[Black "Hague, Ben"]
[Result "1/2-1/2"]
[WhiteElo "2214"]
[BlackElo "2314"]
[PlyCount "47"]
[EventDate "2012.??.??"]

1. d4 d5 2. Nf3 c5 3. c3 cxd4 4. cxd4 Nf6 5. Nc3 Nc6 6. Bf4 Bf5 7. e3 e6 8. Be2
Bd6 9. Bg3 h6 10. O-O O-O 11. Rc1 Bxg3 12. hxg3 Qa5 13. Qa4 Rfc8 14. Qxa5 Nxa5
15. Ne5 Nc6 16. Nb5 Ne8 17. Nxc6 bxc6 18. Nc3 c5 19. dxc5 Rxc5 20. Na4 Rc2 21.
Rxc2 Bxc2 22. b3 Rc8 23. Rc1 Rc7 24. Kf1 1/2-1/2

[Event "George Trundle Masters 2012"]
[Site "Auckland, NZL"]
[Date "2012.10.04"]
[Round "6.3"]
[White "Lane, Gary W"]
[Black "Reilly, Tim"]
[Result "1-0"]
[WhiteElo "2391"]
[BlackElo "2251"]
[PlyCount "31"]
[EventDate "2012.??.??"]

1. e4 c5 2. Nf3 Nc6 3. Nc3 e5 4. Bc4 d6 5. d3 h6 6. Nd2 Nf6 7. Nf1 Be7 8. Ne3
O-O 9. O-O Na5 10. Qf3 Nxc4 11. dxc4 Nh7 12. Nf5 Bxf5 13. Qxf5 a6 14. a4 Rc8
15. Nd5 Nf6 16. Qxc8 1-0

[Event "George Trundle Masters 2012"]
[Site "Auckland, NZL"]
[Date "2012.10.04"]
[Round "6.4"]
[White "Steadman, Michael"]
[Black "Chan, Peng Kong"]
[Result "0-1"]
[WhiteElo "2200"]
[BlackElo "2245"]
[PlyCount "82"]
[EventDate "2012.??.??"]

1. d4 d5 2. c4 c6 3. Nc3 Nf6 4. cxd5 cxd5 5. Bf4 Nc6 6. e3 a6 7. Bd3 e6 8. Nge2
Be7 9. O-O O-O 10. h3 Bd7 11. f3 b5 12. Rc1 Rc8 13. Bb1 Qb6 14. g4 Rfd8 15. Rf2
Na5 16. Ng3 b4 17. Nce2 Nc4 18. g5 Ne8 19. b3 Na3 20. Bd3 Bb5 21. Bxb5 Qxb5 22.
h4 Rxc1 23. Nxc1 Rc8 24. h5 Bd6 25. Bxd6 Nxd6 26. g6 Rc3 27. gxh7+ Kxh7 28. Nf1
Nf5 29. Ne2 Rc2 30. e4 Nd6 31. Ne3 Rxa2 32. Nc3 bxc3 33. Rxa2 dxe4 34. Rxa3
Qg5+ 35. Ng2 exf3 36. Ra2 fxg2 37. Qc2+ Nf5 38. d5 exd5 39. Qxc3 Nh4 40. Ra4 f5
41. Rd4 Qf6 0-1

[Event "George Trundle Masters 2012"]
[Site "Auckland, NZL"]
[Date "2012.10.04"]
[Round "6.5"]
[White "Li, Zuhao Luke"]
[Black "Watson, Bruce R"]
[Result "1/2-1/2"]
[WhiteElo "2249"]
[BlackElo "2300"]
[PlyCount "59"]
[EventDate "2012.??.??"]

1. d4 Nf6 2. c4 e6 3. Nc3 d5 4. cxd5 exd5 5. Bg5 Be7 6. e3 h6 7. Bh4 O-O 8. Bd3
c5 9. dxc5 Nbd7 10. Nge2 Nxc5 11. Bc2 Be6 12. O-O Qb6 13. Rb1 Rfd8 14. Nd4 Rac8
15. Nf5 Bxf5 16. Bxf5 Rb8 17. Bxf6 Bxf6 18. Nxd5 Qd6 19. Nxf6+ Qxf6 20. Qc2 b6
21. b4 Nb7 22. Bh3 Nd6 23. Rbd1 g6 24. Rd5 b5 25. Qc7 Ne4 26. Qxa7 Nc3 27.
Rxd8+ Rxd8 28. Bg4 Qh4 29. h3 h5 30. Qc5 1/2-1/2